000
00244nam a22000857a 4500
999
_c
521885
_d
521885
100
_a
Hooja, Rakesh
_9
36159
245
_a
Corruption, Ethics and Accountability
260
_a
New delhi
_b
Indian Institute Of Public Administration
_c
2012
300
_a
57p.